Tourism past present and Future (Record no. 853883)

MARC details
000 -LEADER
fixed length control field 00344nam a2200133Ia 4500
008 - FIXED-LENGTH DATA ELEMENTS--GENERAL INFORMATION
fixed length control field 230818s1988 xx 000 0 und d
041 ## - LANGUAGE CODE
Language code of text/sound track or separate title eng
100 ## - MAIN ENTRY--PERSONAL NAME
Personal name Burkart / Medlic
245 ## - TITLE STATEMENT
Title Tourism past present and Future
260 ## - PUBLICATION, DISTRIBUTION, ETC.
Name of publisher, distributor, etc. C.B.S.Publication
Date of publication, distribution, etc. 1988
300 ## - PHYSICAL DESCRIPTION
Extent 300p
520 ## - SUMMARY, ETC.
Summary, etc. General | Hard Board
650 ## - SUBJECT ADDED ENTRY--TOPICAL TERM
Topical term or geographic name entry element Hotel Front office
Holdings
Withdrawn status Lost status Damaged status Not for loan Home library Current library Date acquired Source of acquisition Cost, normal purchase price Total Checkouts Barcode Date last seen Cost, replacement price Price effective from Koha item type
        College of Hotel & Tourism Management Studies, Navi Mumbai College of Hotel & Tourism Management Studies, Navi Mumbai 18/08/2023 Sonhira book Centre 293.00   HMM-B331 18/08/2023 293.00 18/08/2023 Book